GS1 eCom: zefektívnený obchodný cyklus

Štandardy EDI umožňujú spoľahlivú výmenu citlivých informácií. Nezávislosť EDI (Electronic Data Interchanel). Fungovanie EDI. Štandardy GS1 eCom. Výhody používania GS1 eCom.

Salvato in:
Dettagli Bibliografici
Autore principale: Beňo, Martin
Natura: Capitolo di libro
Lingua:slovacco
Soggetti:
Tags: Aggiungi Tag
Nessun Tag, puoi essere il primo ad aggiungerne!!

MARC

LEADER 00000naa$a2200000$$$4500
001 0054295
005 20231108134017.9
041 0 |a slo 
044 |a SK 
245 1 0 |a GS1 eCom: zefektívnený obchodný cyklus  |c Martin Beňo 
520 |a Štandardy EDI umožňujú spoľahlivú výmenu citlivých informácií. Nezávislosť EDI (Electronic Data Interchanel). Fungovanie EDI. Štandardy GS1 eCom. Výhody používania GS1 eCom. 
610 2 0 |a kódy čiarové 
610 2 0 |a štandardy 
610 2 0 |a obchod elektronický 
610 2 0 |a výmena informácií 
610 2 0 |a technológie informačné 
610 2 0 |a technológie komunikačné 
610 2 0 |a systémy informačné 
610 2 0 |a ochrana údajov osobných 
100 1 |a Beňo, Martin